[Event "Dongtai Rebecca Cup op"]
[Site "Dongtai"]
[Date "2025.06.20"]
[Round "6"]
[White "Zhang, Di"]
[Black "Chen, Hongsen"]
[Result "1/2-1/2"]
[WhiteElo "2446"]
[BlackElo "2377"]
[PlyCount "60"]
[EventDate "2025.06.17"]
[EventType "swiss"]
[EventRounds "9"]
[EventCountry "CHN"]
[SourceTitle "CB26_2025"]
[SourceDate "2025.06.25"]
[SourceVersion "1"]
[SourceVersionDate "2025.06.25"]
[SourceQuality "1"]

1. e4 e5 2. Nf3 Nc6 3. Bc4 Bc5 4. c3 Nf6 5. d3 d6 6. 0-0 0-0 7. b4 Bb6 8. a4 a5 9. b5 Ne7 10. Nbd2 h6 11. d4 Ng6 12. Re1 Bg4 13. Qc2 Re8 14. Bb2 Nh5 15. Bf1 Qf6 16. Re3 Be6 17. Nc4 Bxc4 18. Bxc4 Nhf4 19. g3 Ne6 20. Rd1 Rad8 21. h4 Ngf8 22. Bd5 Rb8 23. Nh2 Qg6 24. Rf3 Nd7 25. Rf5 Nf6 26. Kh1 Nxd5 27. exd5 Nf8 28. h5 Qh7 29. g4 exd4 30. cxd4 Nd7 1/2-1/2

[Event "Dongtai Rebecca Cup op"]
[Site "Dongtai"]
[Date "2025.06.17"]
[Round "3"]
[White "Yu, Shi"]
[Black "Chen, Hongsen"]
[Result "0-1"]
[WhiteElo "2029"]
[BlackElo "2377"]
[PlyCount "90"]
[EventDate "2025.06.17"]
[EventType "swiss"]
[EventRounds "9"]
[EventCountry "CHN"]
[SourceTitle "CB26_2025"]
[SourceDate "2025.06.25"]
[SourceVersion "1"]
[SourceVersionDate "2025.06.25"]
[SourceQuality "1"]

1. e4 e5 2. Nf3 Nc6 3. Bb5 a6 4. Ba4 Nf6 5. 0-0 Be7 6. Re1 b5 7. Bb3 0-0 8. h3 d6 9. c3 Nb8 10. d4 Nbd7 11. a4 Bb7 12. Bc2 h6 13. b3 Re8 14. Nbd2 Bf8 15. Bb2 g6 16. Bd3 c6 17. Qc2 Qc7 18. Rad1 Rad8 19. Nf1 Nh5 20. g3 Bg7 21. Ne3 Nhf6 22. dxe5 dxe5 23. Ba3 Qb6 24. Bf1 Nc5 25. a5 Qa7 26. Rxd8 Rxd8 27. Nxe5 Nfxe4 28. Bxc5 Nxc5 29. N3g4 Rd6 30. Qc1 g5 31. Qe3 Re6 32. b4 f5 33. Qf3 Bc8 34. Rd1 Qc7 35. bxc5 fxg4 36. Nxg4 Qxa5 37. Qd3 Bf8 38. Qf5 Qc7 39. Nf6+ Kh8 40. Nd7 Re8 41. Re1 Qxd7 42. Qf6+ Bg7 43. Rxe8+ Qxe8 44. Qd6 Bf5 45. g4 Be4 0-1

[Event "CHN Nat Games qual 15th"]
[Site "Huairou District"]
[Date "2025.06.13"]
[Round "7"]
[White "Chen, Hongsen"]
[Black "Li, Jiahong"]
[Result "1-0"]
[WhiteElo "2377"]
[BlackElo "1831"]
[PlyCount "67"]
[EventDate "2025.06.11"]
[EventType "swiss (rapid)"]
[EventRounds "9"]
[EventCountry "CHN"]
[SourceTitle "CB25_2025"]
[SourceDate "2025.06.18"]
[SourceVersion "1"]
[SourceVersionDate "2025.06.18"]
[SourceQuality "1"]

1. d4 Nf6 2. Bg5 d5 3. Nd2 Nbd7 4. e3 g6 5. Bd3 Bg7 6. Ngf3 0-0 7. 0-0 c5 8. c3 b6 9. a4 Bb7 10. a5 Ne4 11. Bf4 Re8 12. Bb5 a6 13. Bxd7 Qxd7 14. axb6 Nxd2 15. Qxd2 f6 16. Bc7 c4 17. Ra5 e6 18. b3 cxb3 19. Qb2 Bf8 20. Qxb3 Rec8 21. Ne1 Bc6 22. Nd3 Bb5 23. Rd1 Rxc7 24. bxc7 Qxc7 25. Raa1 Rc8 26. Rac1 Qa5 27. Nf4 Bc4 28. Qb7 Rc7 29. Qb8 Kf7 30. Ra1 Ba2 31. Rxa2 Qxc3 32. Rxa6 Qc2 33. Rf1 Re7 34. Nxe6 1-0

[Event "CHN Nat Games qual 15th"]
[Site "Huairou District"]
[Date "2025.06.13"]
[Round "8"]
[White "Chen, Hongsen"]
[Black "Wang, Shixu B"]
[Result "1/2-1/2"]
[WhiteElo "2377"]
[BlackElo "2452"]
[PlyCount "72"]
[EventDate "2025.06.11"]
[EventType "swiss (rapid)"]
[EventRounds "9"]
[EventCountry "CHN"]
[SourceTitle "CB25_2025"]
[SourceDate "2025.06.18"]
[SourceVersion "1"]
[SourceVersionDate "2025.06.18"]
[SourceQuality "1"]

1. d4 Nf6 2. c4 e6 3. Nf3 b6 4. a3 Ba6 5. Qa4 c5 6. Bf4 Bb7 7. dxc5 Bxc5 8. Nc3 0-0 9. Rd1 a6 10. e3 Be7 11. Be2 d6 12. h3 Qc7 13. 0-0 Nbd7 14. Qc2 Rfd8 15. Nd2 Rac8 16. Bg3 Bc6 17. Rfe1 Qb7 18. Bf1 Nc5 19. b4 Nce4 20. Ndxe4 Nxe4 21. Nxe4 Bxe4 22. Qe2 Bc6 23. e4 b5 24. Qe3 h6 25. Rc1 Bg5 26. Bf4 Bf6 27. Qg3 Bxe4 28. cxb5 axb5 29. Bxd6 Rxc1 30. Rxc1 Qd5 31. Bc7 Rd7 32. Bf4 g5 33. Rc5 Qd1 34. Rc1 Qd5 35. Rc5 Qd1 36. Rc1 Qd5 1/2-1/2

[Event "CHN Nat Games qual 15th"]
[Site "Huairou District"]
[Date "2025.06.13"]
[Round "9"]
[White "Li, Zhaoyang"]
[Black "Chen, Hongsen"]
[Result "1/2-1/2"]
[WhiteElo "2172"]
[BlackElo "2377"]
[PlyCount "194"]
[EventDate "2025.06.11"]
[EventType "swiss (rapid)"]
[EventRounds "9"]
[EventCountry "CHN"]
[SourceTitle "CB25_2025"]
[SourceDate "2025.06.18"]
[SourceVersion "1"]
[SourceVersionDate "2025.06.18"]
[SourceQuality "1"]

1. e4 e5 2. Nf3 Nc6 3. Bc4 Nf6 4. d3 Bc5 5. c3 d6 6. 0-0 0-0 7. Re1 a5 8. h3 h6 9. Nbd2 Be6 10. Bb3 Bxb3 11. axb3 Re8 12. Nc4 b5 13. Na3 Qb8 14. c4 bxc4 15. bxc4 Qb6 16. Be3 Nd7 17. Nb5 Bxe3 18. Rxe3 Nc5 19. Nh4 Kh7 20. Rg3 Ne7 21. Qf3 Rf8 22. Nf5 Nxf5 23. Qxf5+ g6 24. Qf6 Rae8 25. Qf3 f5 26. b4 axb4 27. Ra7 Ne6 28. exf5 Rxf5 29. Qe3 Qxe3 30. Rxe3 Kg8 31. Nxc7 Rf7 32. Nxe8 Rxa7 33. Re1 Ra6 34. Nf6+ Kg7 35. Nd5 b3 36. Rb1 Nc5 37. Nc3 Rb6 38. Rd1 b2 39. Nb1 Ra6 40. Rd2 Ra2 41. Kf1 Na4 42. Rd1 Ra1 43. Ke1 Kf6 44. Kd2 g5 45. Kc2 h5 46. d4 e4 47. c5 dxc5 48. dxc5 Nxc5 49. Kxb2 Ra6 50. Kc3 Nd3 51. Nd2 Kf5 52. Nxe4 Kxe4 53. f3+ Kf4 54. Rxd3 Ra3+ 55. Kd2 Ra2+ 56. Ke1 Rxg2 57. Kf1 Rh2 58. Rd4+ Kg3 59. Rd5 Kh4 60. Kg1 Ra2 61. Rb5 Rc2 62. Ra5 Rb2 63. Rc5 Rd2 64. Rb5 Rc2 65. Ra5 Rb2 66. Rc5 Ra2 67. Rb5 Ra1+ 68. Kg2 Ra2+ 69. Kg1 Rd2 70. Ra5 Rc2 71. Rb5 Rc1+ 72. Kg2 Rc2+ 73. Kg1 Rd2 74. Ra5 Rd6 75. Kg2 Rd2+ 76. Kg1 Rb2 77. Rc5 Kxh3 78. Rxg5 Rb1+ 79. Kf2 h4 80. f4 Rb2+ 81. Kf3 Rb3+ 82. Kf2 Rb2+ 83. Kf3 Rb3+ 84. Kf2 Rb2+ 85. Kf3 Rb3+ 86. Kf2 Rg3 87. Rxg3+ hxg3+ 88. Kg1 Kg4 89. Kg2 Kxf4 90. Kg1 Kg4 91. Kg2 Kh4 92. Kg1 Kh3 93. Kh1 Kg4 94. Kg2 Kf4 95. Kg1 Kf3 96. Kf1 g2+ 97. Kg1 Kg3 1/2-1/2

[Event "CHN-chT"]
[Site "Hebei"]
[Date "2025.05.01"]
[Round "7.17"]
[White "Wang, Yiye"]
[Black "Chen, Hongsen"]
[Result "1-0"]
[WhiteElo "2446"]
[BlackElo "2402"]
[PlyCount "143"]
[EventDate "2025.04.25"]
[EventType "team-swiss"]
[EventRounds "9"]
[EventCountry "CHN"]
[SourceTitle "CB20_2025"]
[SourceDate "2025.05.14"]
[SourceVersion "1"]
[SourceVersionDate "2025.05.14"]
[SourceQuality "1"]
[WhiteTeam "Heilongjiang"]
[BlackTeam "Jiangsu"]
[WhiteTeamCountry "CHN"]
[BlackTeamCountry "CHN"]

1. c4 e6 2. g3 d5 3. Bg2 Nf6 4. Nf3 c5 5. cxd5 exd5 6. d4 Nc6 7. Nc3 Be7 8. 0-0 0-0 9. dxc5 Bxc5 10. Na4 Be7 11. Nd4 Bg4 12. Be3 Qa5 13. Nc3 Rfd8 14. h3 Bh5 15. Rc1 Bg6 16. Qb3 Qb4 17. Qxb4 Bxb4 18. Ncb5 Ne7 19. a3 Ba5 20. Nb3 Bb6 21. Bxb6 axb6 22. Rc7 Rd7 23. Rxd7 Nxd7 24. Rc1 Kf8 25. Rc7 Ne5 26. Rxb7 Nc4 27. N3d4 Nxb2 28. Rxb6 Nc4 29. Rb7 Be4 30. a4 g6 31. Nc3 Bxg2 32. Kxg2 Rc8 33. Ncb5 Ra8 34. Nc3 Rc8 35. Ndb5 Na5 36. Ra7 Nb3 37. Rc7 Rxc7 38. Nxc7 d4 39. N3d5 Nc6 40. Na6 Ne5 41. Nab4 f5 42. Nd3 Nc4 43. Kf3 g5 44. g4 Nbd2+ 45. Kg2 f4 46. Nc5 Kf7 47. h4 h6 48. h5 Nb1 49. Ne4 Ke6 50. Nb4 Nc3 51. Nxc3 dxc3 52. Kf1 Kd6 53. Ke1 Ne5 54. f3 Kc5 55. Nc2 Kc4 56. Kd1 Nc6 57. Ne1 Nd4 58. Nd3 Nc6 59. Kc1 Kb3 60. Nc5+ Kb4 61. Nd3+ Kb3 62. Nc5+ Kb4 63. Ne4 Nd4 64. a5 Kxa5 65. Nxc3 Kb4 66. Kd2 Nb3+ 67. Kc2 Kc4 68. Ne4 Nd4+ 69. Kd2 Nb5 70. e3 Kd5 71. exf4 gxf4 72. Nc3+ 1-0

[Event "Wch U20 62nd"]
[Site "Petrovac"]
[Date "2025.03.05"]
[Round "9"]
[White "Amartuvshin, Ganzorig"]
[Black "Chen, Hongsen"]
[Result "1-0"]
[WhiteElo "2391"]
[BlackElo "2439"]
[PlyCount "81"]
[EventDate "2025.02.25"]
[EventType "swiss"]
[EventRounds "11"]
[EventCountry "MNE"]
[SourceTitle "CB11_2025"]
[SourceDate "2025.03.12"]
[SourceVersion "1"]
[SourceVersionDate "2025.03.12"]
[SourceQuality "1"]

1. d4 e6 2. c4 Nf6 3. Nf3 b6 4. g3 Bb7 5. Bg2 Bb4+ 6. Bd2 c5 7. d5 Bxd2+ 8. Nfxd2 0-0 9. Nc3 exd5 10. cxd5 d6 11. 0-0 Ba6 12. a4 Nbd7 13. Nb5 Bxb5 14. axb5 Ne8 15. Nc4 Qe7 16. e4 Nc7 17. Qb3 Ne5 18. Na3 f6 19. f4 Nf7 20. Rfe1 Qd7 21. e5 fxe5 22. fxe5 Nxe5 23. Rxe5 dxe5 24. d6+ Ne6 25. Bxa8 Rxa8 26. Qd5 Rf8 27. Nc4 Qf7 28. Nxe5 Qf5 29. g4 Qf6 30. Nd7 Qf2+ 31. Kh1 Qf3+ 32. Qxf3 Rxf3 33. Re1 Rf7 34. Nb8 Rb7 35. Nc6 Nf8 36. Rf1 g6 37. Ne5 Rb8 38. d7 Ne6 39. Rf6 Nd8 40. Rc6 Nxc6 41. bxc6 1-0

[Event "Wch U20 62nd"]
[Site "Petrovac"]
[Date "2025.03.04"]
[Round "8"]
[White "Chen, Hongsen"]
[Black "Bochnicka, Vladimir1"]
[Result "1-0"]
[WhiteElo "2439"]
[BlackElo "2348"]
[PlyCount "105"]
[EventDate "2025.02.25"]
[EventType "swiss"]
[EventRounds "11"]
[EventCountry "MNE"]
[SourceTitle "CB11_2025"]
[SourceDate "2025.03.12"]
[SourceVersion "1"]
[SourceVersionDate "2025.03.12"]
[SourceQuality "1"]

1. d4 d5 2. c4 e6 3. Nc3 c5 4. cxd5 cxd4 5. Qa4+ Bd7 6. Qxd4 exd5 7. Qxd5 Nf6 8. Qd1 Bc5 9. Nf3 0-0 10. e3 Qe7 11. Be2 Rd8 12. 0-0 Nc6 13. a3 Ne5 14. Qe1 Bc6 15. Nxe5 Qxe5 16. b4 Bb6 17. Bb2 Qg5 18. g3 Rac8 19. b5 Bd7 20. Na4 Bh3 21. Nxb6 axb6 22. f4 Qc5 23. Bd4 Qd5 24. Bf3 Qxb5 25. Rf2 Qb3 26. Rb2 Qd3 27. Qe2 Qg6 28. Bxb6 Rd7 29. Bd4 Nd5 30. Rd1 Rcd8 31. Rbd2 Ne7 32. e4 h6 33. f5 Qc6 34. g4 Qa4 35. Be3 Rxd2 36. Rxd2 Rxd2 37. Qxd2 Qxa3 38. Kf2 Nc6 39. Bf4 Bf1 40. Bd6 Qd3 41. Qxd3 Bxd3 42. e5 g6 43. Ke3 Bc4 44. e6 fxe6 45. fxg6 Bd5 46. Bxd5 exd5 47. h4 b5 48. h5 b4 49. Kd3 Kg7 50. Bf4 Ne7 51. Be5+ Kg8 52. Bf6 Nc6 53. g5 1-0

[Event "Wch U20 62nd"]
[Site "Petrovac"]
[Date "2025.03.02"]
[Round "6"]
[White "Chen, Hongsen"]
[Black "Hou, Yifan B"]
[Result "1/2-1/2"]
[WhiteElo "2439"]
[BlackElo "2199"]
[PlyCount "95"]
[EventDate "2025.02.25"]
[EventType "swiss"]
[EventRounds "11"]
[EventCountry "MNE"]
[SourceTitle "CB11_2025"]
[SourceDate "2025.03.12"]
[SourceVersion "1"]
[SourceVersionDate "2025.03.12"]
[SourceQuality "1"]

1. e4 c5 2. Nf3 Nc6 3. Bb5 e6 4. Bxc6 bxc6 5. b3 f6 6. d3 Ne7 7. e5 Ng6 8. Bb2 Be7 9. Nbd2 0-0 10. 0-0 fxe5 11. Nxe5 Nxe5 12. Bxe5 d6 13. Bc3 e5 14. Qe2 Bf5 15. Rae1 Bg5 16. Ne4 Bh6 17. Bd2 Bxe4 18. dxe4 Bxd2 19. Qxd2 Qe7 20. Re3 Rf4 21. f3 Rf6 22. Rd1 h6 23. Rd3 Rd8 24. Qa5 Rb8 25. a3 Kh7 26. Qa4 Qc7 27. h3 Rg6 28. Kh1 Rd8 29. Qc4 a5 30. c3 Rb8 31. b4 cxb4 32. cxb4 axb4 33. axb4 Rb6 34. Ra3 Qb7 35. Ra4 Rb5 36. Qc3 Qb6 37. Rc1 c5 38. bxc5 Rxc5 39. Rc4 Rxc4 40. Qxc4 Qf2 41. Qf1 Qxf1+ 42. Rxf1 h5 43. h4 Rf6 44. Kh2 Kh6 45. Rc1 Kg6 46. Rc7 Rf7 47. Rc6 Rd7 48. Ra6 1/2-1/2

[Event "Wch U20 62nd"]
[Site "Petrovac"]
[Date "2025.02.27"]
[Round "3"]
[White "Sherman, Reem"]
[Black "Chen, Hongsen"]
[Result "1-0"]
[WhiteElo "2328"]
[BlackElo "2439"]
[PlyCount "81"]
[EventDate "2025.02.25"]
[EventType "swiss"]
[EventRounds "11"]
[EventCountry "MNE"]
[SourceTitle "CB11_2025"]
[SourceDate "2025.03.12"]
[SourceVersion "1"]
[SourceVersionDate "2025.03.12"]
[SourceQuality "1"]

1. e4 c6 2. d4 d5 3. Nd2 dxe4 4. Nxe4 Bf5 5. Ng3 Bg6 6. Be3 Nf6 7. h4 h6 8. Bd3 Bxd3 9. Qxd3 Qa5+ 10. Bd2 Qc7 11. 0-0-0 Nbd7 12. N1e2 e6 13. f3 0-0-0 14. Ne4 Nc5 15. Nxc5 Bxc5 16. Qc4 Bd6 17. Qa4 Qb6 18. c4 Bc7 19. Bc3 a5 20. Qc2 Qa6 21. b3 Kb8 22. Kb1 Nd7 23. Bb2 Rhe8 24. Nc3 Bd6 25. h5 Bf8 26. Bc1 Nf6 27. g4 Qb6 28. Bf4+ Kc8 29. Rd3 Qa6 30. Rhd1 Bd6 31. Be5 Qa7 32. Na4 Re7 33. Qh2 Bc7 34. Bxc7 Rxc7 35. Qe5 b6 36. g5 hxg5 37. h6 b5 38. hxg7 bxa4 39. Qxf6 axb3 40. Qxd8+ Kxd8 41. g8Q+ 1-0

[Event "Senta Fantastico GM 02"]
[Site "Senta"]
[Date "2025.02.17"]
[Round "3"]
[White "Chen, Hongsen"]
[Black "Spasov, Vasil"]
[Result "1/2-1/2"]
[WhiteElo "2439"]
[BlackElo "2423"]
[PlyCount "26"]
[EventDate "2025.02.16"]
[EventType "tourn"]
[EventRounds "9"]
[EventCountry "SRB"]
[EventCategory "6"]
[SourceTitle "CB09_2025"]
[SourceDate "2025.02.27"]
[SourceVersion "1"]
[SourceVersionDate "2025.02.27"]
[SourceQuality "1"]

1. d4 d6 2. e4 Nf6 3. Nc3 e5 4. dxe5 dxe5 5. Qxd8+ Kxd8 6. Bc4 Ke8 7. Nf3 Bd6 8. a3 Nbd7 9. Be3 a6 10. h3 b5 11. Ba2 Bb7 12. Nd2 Ke7 13. f3 c6 1/2-1/2

[Event "Senta Fantastico GM Mix 02"]
[Site "Senta"]
[Date "2025.02.14"]
[Round "7"]
[White "Chen, Hongsen"]
[Black "Akhmedov, David"]
[Result "1/2-1/2"]
[WhiteElo "2439"]
[BlackElo "2368"]
[PlyCount "33"]
[EventDate "2025.02.11"]
[EventType "swiss"]
[EventRounds "9"]
[EventCountry "SRB"]
[SourceTitle "CB09_2025"]
[SourceDate "2025.02.27"]
[SourceVersion "1"]
[SourceVersionDate "2025.02.27"]
[SourceQuality "1"]

1. e4 c5 2. Nf3 d6 3. Bb5+ Nd7 4. d4 cxd4 5. Qxd4 a6 6. Bxd7+ Bxd7 7. 0-0 Nf6 8. Bg5 e6 9. e5 dxe5 10. Nxe5 Bb5 11. Qxd8+ Rxd8 12. c4 Bc6 13. Nxc6 bxc6 14. Nc3 Bc5 15. h3 Bd4 16. Rac1 Kd7 17. Be3 1/2-1/2

[Event "Senta Fantastico GM Mix 02"]
[Site "Senta"]
[Date "2025.02.13"]
[Round "5"]
[White "Chen, Hongsen"]
[Black "Dvalishvili, Pavel S"]
[Result "1-0"]
[WhiteElo "2439"]
[BlackElo "2344"]
[PlyCount "61"]
[EventDate "2025.02.11"]
[EventType "swiss"]
[EventRounds "9"]
[EventCountry "SRB"]
[SourceTitle "CB09_2025"]
[SourceDate "2025.02.27"]
[SourceVersion "1"]
[SourceVersionDate "2025.02.27"]
[SourceQuality "1"]

1. d4 Nf6 2. c4 e6 3. Nf3 Bb4+ 4. Bd2 Bxd2+ 5. Nbxd2 d6 6. g3 Nc6 7. Bg2 e5 8. d5 Ne7 9. e4 c5 10. h3 h6 11. 0-0 g5 12. Ne1 Ng6 13. Nd3 Rg8 14. b4 b6 15. bxc5 bxc5 16. Qa4+ Bd7 17. Qa6 Qb6 18. Qa3 Ke7 19. Rab1 Qc7 20. Kh2 g4 21. h4 Rgb8 22. Nb3 Kf8 23. Ndxc5 dxc5 24. Nxc5 Kg7 25. Na6 Qc8 26. Nxb8 Rxb8 27. c5 Bb5 28. Rfc1 a6 29. c6 Nf8 30. Qb3 Ra8 31. Rc2 1-0

[Event "Nanjing New Vigorous op 4th"]
[Site "Nanjing"]
[Date "2024.11.24"]
[Round "8"]
[White "Chen, Hongsen"]
[Black "Chen, Yuan"]
[Result "0-1"]
[WhiteElo "1897"]
[BlackElo "2203"]
[PlyCount "92"]
[EventDate "2024.11.21"]
[EventType "swiss"]
[EventRounds "9"]
[EventCountry "CHN"]
[SourceTitle "CB48_2024"]
[SourceDate "2024.11.28"]
[SourceVersion "1"]
[SourceVersionDate "2024.11.28"]
[SourceQuality "1"]

1. c4 e6 2. Nc3 d5 3. d4 Nf6 4. cxd5 exd5 5. Bg5 c6 6. e3 Be7 7. Bd3 0-0 8. Nge2 h6 9. Bh4 Re8 10. 0-0 b5 11. a3 a5 12. f3 Ba6 13. Bf2 Nbd7 14. Ng3 b4 15. axb4 Bxd3 16. Qxd3 Bxb4 17. Na4 c5 18. Nf5 c4 19. Qc2 Bf8 20. Nc3 g6 21. Ng3 h5 22. e4 dxe4 23. fxe4 Bg7 24. e5 Ng4 25. Nge4 Rf8 26. h3 Nxf2 27. Qxf2 Ra6 28. Rad1 Nb6 29. Qf3 a4 30. Nd6 a3 31. Qb7 Qa8 32. Rxf7 Qxb7 33. Rxb7 axb2 34. Rb1 Na4 35. Nxa4 Rxa4 36. R7xb2 c3 37. Re2 Rxd4 38. Nb5 Rb8 39. e6 Rd2 40. Ree1 c2 41. Rbc1 Bb2 42. e7 Bxc1 43. e8Q+ Rxe8 44. Rxe8+ Kf7 45. Rc8 Bb2 46. Nd6+ Ke6 0-1

[Event "Budapest Vezerkepzo Haag GM 11"]
[Site "Budapest"]
[Date "2024.11.08"]
[Round "7"]
[White "Chen, Hongsen"]
[Black "Sklokin, Sergey"]
[Result "1/2-1/2"]
[WhiteElo "2442"]
[BlackElo "2257"]
[PlyCount "120"]
[EventDate "2024.11.04"]
[EventType "swiss"]
[EventRounds "10"]
[EventCountry "HUN"]
[SourceTitle "CB45_2024"]
[Source "ChessBase"]
[SourceDate "2024.11.06"]
[SourceVersion "1"]
[SourceVersionDate "2024.11.06"]
[SourceQuality "1"]

1. Nf3 d5 2. e3 Nf6 3. c4 e6 4. b3 Bd6 5. Bb2 0-0 6. Nc3 Re8 7. Qc2 c6 8. d4 Nbd7 9. Bd3 e5 10. dxe5 Nxe5 11. Nxe5 Bxe5 12. 0-0-0 Qe7 13. cxd5 cxd5 14. Kb1 Be6 15. f4 Bd6 16. h3 Rac8 17. g4 Bb4 18. Rc1 d4 19. exd4 Bxc3 20. Bxc3 Nd5 21. Qd2 Qc7 22. Bb5 Nxc3+ 23. Rxc3 Qxc3 24. Qxc3 Rxc3 25. Bxe8 a6 26. f5 Bc8 27. b4 Kf8 28. Ba4 Rc4 29. Rd1 Rxb4+ 30. Bb3 Bd7 31. Kc2 Ba4 32. Kc3 Bxb3 33. axb3 Rb6 34. Re1 Rc6+ 35. Kd3 b6 36. b4 a5 37. bxa5 bxa5 38. Ra1 Ra6 39. Kc4 Ke7 40. Kb5 Rd6 41. Kc5 Ra6 42. Kb5 Rd6 43. Ra4 Rd5+ 44. Kc6 Rd6+ 45. Kc5 Ra6 46. Kb5 Rh6 47. Rxa5 Rxh3 48. Ra7+ Kf6 49. d5 h5 50. g5+ Kxf5 51. Rxf7+ Kxg5 52. Rxg7+ Kf4 53. d6 Rd3 54. Kc6 h4 55. d7 h3 56. Rh7 Rxd7 57. Kxd7 Kg3 58. Ke6 h2 59. Kf5 Kg2 60. Rg7+ Kf3 1/2-1/2